Exponents practice Quiz Stats

 Plays Quiz not verified by Sporcle

Challenge
Share
Tweet
Embed
Score 0/11 Timer 10:00
0 Plays Today
% Correct
4.51 x 10^-5
95.8%
1.04 x 10^6
87.4%
5000
85.7%
0.06
84%
9 x 10^-3
72.3%
3600 seconds
69.7%
0.0000000087
67.2%
0.00000001405
64.7%
9 x 10^-8
56.3%
1610 meters
47.9%
1.2 x 10^9
46.2%

You're not logged in!

Compare scores with friends on all Sporcle quizzes.
OR
Log In

You Might Also Like...

Show Comments

Extras

Created Feb 2, 2012ReportNominate

Top Quizzes Today


Score Distribution

Your Account Isn't Verified!

In order to create a playlist on Sporcle, you need to verify the email address you used during registration. Go to your Sporcle Settings to finish the process.

Report this User

Report this user for behavior that violates our Community Guidelines.

Details: